000 00512nam a2200145 4500
999 _c8269
_d8269
008 180110b xxu||||| |||| 00| 0 eng d
022 _a01181831
082 _aDPer 613.05 H34 Jul-Nov 2013
100 _925587
_aYu, Anson.
245 _aHerbs, needles and cups:
_cAnson Yu.
_bA glimpse into the world of traditional chinese medicine/
260 _aPhilippines:
_bMIMS Pte Ltd KDN,
_c©2013.
300 _apages 55-57:
_billustrations;
_c28 cm.
650 0 _925588
_aHerbs
_xTherapeutic use.
942 _2ddc
_cPER